| 000 | 00851nam a2200229Ii 4500 | ||
|---|---|---|---|
| 003 | JO-AjNU | ||
| 008 | 230605s9999||||xx |||||||||||||| ||und|| | ||
| 017 | _a2007/1/145 | ||
| 020 | _a978-9957-11-697-2 | ||
| 040 |
_aJO-AjNU _bara _erda _cJO-AjNU |
||
| 041 | _aara | ||
| 050 | 1 | 4 | _aQA76.9.A25.H35 2007 |
| 100 | 3 |
_aالحمامي، علاء حسين / م مشارك سعد عبد العزيز العاني, _eauthor _929454 |
|
| 245 | 0 | 0 | _a تكنولوجيا أمنية المعلومات و أنظمة الحماية= Technology of Information Security and protection systems |
| 250 | _aط1 | ||
| 264 | 3 | 1 | _aعمان:دار وائل ، 2007 |
| 300 | _a460ص | ||
| 336 |
_atext _btxt _2rdacontent |
||
| 337 |
_aunmediated _bn _2rdamedia |
||
| 338 |
_avolume _bnc _2rdacarrier |
||
| 650 | 4 |
_aحاسبات الكترونية- حماية _929455 |
|
| 999 |
_aA11556 _c15124 _d15124 |
||